Một số yếu tố tác động đến tâm lý các thành viên tổ chức xã hội với việc tham gia giám sát thực hiện quyền trẻ em /

Spremljeno u:
Bibliografski detalji
Glavni autor: Đỗ Thị Ngọc Phương.
Format: Članak
Jezik:Vietnamese
Teme:
Oznake: Dodaj oznaku
Bez oznaka, Budi prvi tko označuje ovaj zapis!
Thư viện lưu trữ: Thư viện Trường Đại học Đà Lạt
LEADER 00869nam a2200253 4500
001 DLU180183523
005 ##20180129
040 # # |a DLU  |b vie 
041 # # |a vie 
044 # # |a vn 
100 # # |a Đỗ Thị Ngọc Phương. 
245 # # |a Một số yếu tố tác động đến tâm lý các thành viên tổ chức xã hội với việc tham gia giám sát thực hiện quyền trẻ em /  |c Đỗ Thị Ngọc Phương. 
653 # # |a Giám sát quyền trẻ em  
653 # # |a Quyền trẻ em  
653 # # |a Tổ chức xã hội  
773 # # |t Tâm lý học  |g Số 9(210), 2016, tr. 82-89 
920 # # |a Phòng Tạp chí -- Trung tâm Thông tin - Thư viện Trường Đại học Đà Lạt 
900 # # |a True 
911 # # |a Nguyễn Thị Thu Phương 
925 # # |a G 
926 # # |a A 
927 # # |a BB 
980 # # |a Thư viện Trường Đại học Đà Lạt